00323nam a22001337a 4500003000400000008004100004020001800045082001400063100002100077245004700098250001100145260002500156300000800181OSt240328b |||||||| |||| 00| 0 eng d a9788120344716 a621.3 SIE aSINGH,Ajay Kumar aElectronic Devices and Integrated Circuits a2nd Ed aNew DelhibPHIc2013 a594